00529nam a2200121Ia 4500008004100000100002600041245015300067245002500220260000900245300002500254440003800279650009000317171207s9999 xx 000 0 und d aAga, Firdissa Jebessa aMotivating and/or de-motivating environments to do action research: the case of teachers of English as a foreign language in Ethiopian universities  cFirdissa Jebessa Aga c2017 apages 203-222, 2017 aEducational Action Researchv25:2 aAction research, motivating/de-motivating environments, English as a foreign language